Attractions of the United States by Pictures - Statistics

General Stats
  • This quiz has been taken 28 times
  • The average score is 11 of 15
Answer Stats
Picture Answer % Correct
Mount {Rushmore}
100%
Golden Gate Bridge
96%
Statue of Liberty
96%
Times Square
96%
White House
96%
{Washington} Monument
89%
{Las Vegas} Strip
85%
{Yellowstone} National Park
85%
{Alcatraz} Island
78%
Grand Canyon
74%
Space Needle
67%
{Gateway} Arch
63%
Cloud Gate
30%
Navy Pier
15%
{Hanauma} Bay
0%
No matching quizzes found
Score Distribution
Percent of People with Each Score
Percentile by Number Answered
Your Score History
You have not taken this quiz